[Event "CAN-ch O1800"]
[Site "Toronto CAN"]
[Date "2025.04.18"]
[Round "2.33"]
[White "Kolndreu, Albion"]
[Black "Desai, Kahan"]
[Result "0-1"]
[WhiteElo "1733"]
[BlackElo "1869"]
[WhiteFideId "-1"]
[WhiteFideId "-1"]
[PlyCount "140"]
[GameId "2176654634972092"]
[EventDate "2025.04.18"]
[EventType "swiss"]
[EventRounds "9"]
[EventCountry "CAN"]

1. e4 e5 2. d4 exd4 3. c3 d5 4. Qxd4 dxe4 5. Qxd8+ Kxd8 6. Bc4 f5 7. Bf4 Bd6 8. Ne2 Nf6 9. Nd2 Ke7 10. O-O-O Be6 11. Bxe6 Kxe6 12. Nd4+ Kf7 13. Bxd6 cxd6 14. Nxf5 Rd8 15. Rhe1 g6 16. Ng3 Nc6 17. Ndxe4 d5 18. Ng5+ Kg8 19. h3 Rd6 20. f4 h6 21. Nf3 Rad8 22. Ne5 Ne7 23. Ng4 R8d7 24. Nxh6+ Kg7 25. Ng4 Nxg4 26. hxg4 Rf6 27. f5 Nc6 28. g5 Rfd6 29. f6+ Kf7 30. Ne2 Ne5 31. Nf4 Ng4 32. Rd2 Rc6 33. Rxd5 Rxd5 34. Re7+ Kg8 35. Nxg6 Nxf6 36. Rxb7 Rb6 37. Ne7+ Kf7 38. g6+ Kg7 39. Rxa7 Rd7 40. Rxd7 Nxd7 41. a4 Re6 42. Nd5 Nc5 43. a5 Nb3+ 44. Kc2 Nxa5 45. Nf4 Re4 46. g3 Re3 47. b4 Nc4 48. Kb3 Nd2+ 49. Kc2 Ne4 50. Nd5 Rxg3 51. c4 Kxg6 52. c5 Kf5 53. c6 Ke6 54. c7 Kd7 55. b5 Rg5 56. Nf4 Rxb5 57. Kd3 Nd6 58. Kd4 Kxc7 59. Ne6+ Kc6 60. Nf4 Rb4+ 61. Ke3 Re4+ 62. Kf3 Re7 63. Nd3 Nc4 64. Kf4 Kd5 65. Nb4+ Kc5 66. Nd3+ Kd4 67. Nb4 Rf7+ 68. Kg5 Ne5 69. Na6 Rb7 70. Kf5 Nd3 0-1

[Event "CAN-ch O1800"]
[Site "Toronto CAN"]
[Date "2025.04.18"]
[Round "2.34"]
[White "Schyngera, Eli"]
[Black "Gao, Yiguo"]
[Result "1-0"]
[WhiteElo "1867"]
[BlackElo "1708"]
[WhiteFideId "-1"]
[WhiteFideId "-1"]
[PlyCount "49"]
[GameId "2176654634972093"]
[EventDate "2025.04.18"]
[EventType "swiss"]
[EventRounds "9"]
[EventCountry "CAN"]

1. e4 d5 2. exd5 Nf6 3. Nf3 Nxd5 4. d4 Bf5 5. c4 Nb4 6. Qa4+ N8c6 7. Na3 a6 8. d5 b5 9. Qb3 bxc4 10. Bxc4 Nxd5 11. Bxd5 Qd6 12. Bxf7+ Kd8 13. O-O Kc8 14. Nc4 Qb4 15. Bd2 Qxb3 16. axb3 e6 17. Be8 Ne7 18. Rfc1 Kb8 19. Nfe5 c5 20. Nd7+ Kc7 21. Ba5+ Kc6 22. Nde5+ Kb7 23. Nd6+ Kb8 24. Nd7+ Ka7 25. Bb6# 1-0

[Event "CAN-ch O1800"]
[Site "Toronto CAN"]
[Date "2025.04.18"]
[Round "2.35"]
[White "Wang, William"]
[Black "Chen, Michael"]
[Result "1-0"]
[WhiteElo "1713"]
[BlackElo "1864"]
[WhiteFideId "-1"]
[WhiteFideId "-1"]
[PlyCount "65"]
[GameId "2176654634976190"]
[EventDate "2025.04.18"]
[EventType "swiss"]
[EventRounds "9"]
[EventCountry "CAN"]

1. e4 c6 2. Nf3 d5 3. Nc3 dxe4 4. Nxe4 Nf6 5. Qe2 Nxe4 6. Qxe4 Nd7 7. Bc4 Nf6 8. Ne5 e6 9. Qe2 Bd6 10. d4 Qc7 11. Bg5 Nd7 12. Nxd7 Bxd7 13. h3 h6 14. Be3 O-O-O 15. O-O-O Kb8 16. Kb1 Rhe8 17. g3 Bc8 18. Rhe1 e5 19. h4 exd4 20. Rxd4 Ka8 21. a3 Be6 22. Bxe6 Rxe6 23. Red1 Rde8 24. Qd2 Bxg3 25. fxg3 Rxe3 26. Rd8+ Rxd8 27. Qxd8+ Qb8 28. Rd7 Rxg3 29. Qe7 Rg1+ 30. Ka2 Rf1 31. Rd8 a6 32. Rxb8+ Kxb8 33. Qe5+ 1-0

[Event "CAN-ch O1800"]
[Site "Toronto CAN"]
[Date "2025.04.19"]
[Round "3.1"]
[White "Wang, Bingfei"]
[Black "Lakhani, Riyaan"]
[Result "1-0"]
[WhiteElo "2111"]
[BlackElo "1976"]
[WhiteFideId "-1"]
[WhiteFideId "-1"]
[PlyCount "53"]
[GameId "2183569897467948"]
[EventDate "2025.04.18"]
[EventType "swiss"]
[EventRounds "9"]
[EventCountry "CAN"]

1. c4 g6 2. g3 d6 3. Bg2 Nc6 4. Nc3 Bg7 5. b3 Bd7 6. Bb2 e5 7. d3 Nge7 8. Qd2 Qc8 9. h4 h6 10. e3 O-O 11. Nge2 f5 12. Nd5 Nxd5 13. Bxd5+ Be6 14. Nc3 Ne7 15. O-O-O c6 16. Bxe6+ Qxe6 17. d4 exd4 18. exd4 Qd7 19. d5 c5 20. Ne2 b5 21. Bxg7 Kxg7 22. Nf4 Rfb8 23. Ne6+ Kh7 24. Qc3 Nc6 25. Ng5+ Kg8 26. dxc6 Qe7 27. Rhe1 1-0

[Event "CAN-ch O1800"]
[Site "Toronto CAN"]
[Date "2025.04.19"]
[Round "3.2"]
[White "Southam, David"]
[Black "Mammadov, Nihad"]
[Result "1/2-1/2"]
[WhiteElo "2037"]
[BlackElo "1969"]
[WhiteFideId "-1"]
[WhiteFideId "-1"]
[PlyCount "53"]
[GameId "2183569897570359"]
[EventDate "2025.04.18"]
[EventType "swiss"]
[EventRounds "9"]
[EventCountry "CAN"]

1. d4 d5 2. c4 c6 3. Nf3 Nf6 4. e3 e6 5. b3 Bb4+ 6. Nbd2 Nbd7 7. a3 Bd6 8. Bb2 O-O 9. Bd3 Re8 10. Ne5 Qc7 11. f4 b6 12. e4 Nxe4 13. Nxe4 dxe4 14. Bxe4 Bb7 15. O-O f5 16. Bf3 Nxe5 17. dxe5 Bc5+ 18. Kh1 Be3 19. Qe2 Bc5 20. Rfd1 Rad8 21. b4 Be7 22. Rxd8 Rxd8 23. Rd1 c5 24. Rxd8+ Bxd8 25. Bxb7 Qxb7 26. Qd3 Be7 27. b5 1/2-1/2

[Event "CAN-ch O1800"]
[Site "Toronto CAN"]
[Date "2025.04.19"]
[Round "3.3"]
[White "Pollitt, Henry"]
[Black "Loadman, Ian"]
[Result "1/2-1/2"]
[WhiteElo "1985"]
[BlackElo "2024"]
[WhiteFideId "-1"]
[WhiteFideId "-1"]
[PlyCount "20"]
[GameId "2183569897615426"]
[EventDate "2025.04.18"]
[EventType "swiss"]
[EventRounds "9"]
[EventCountry "CAN"]

1. e4 e5 2. Nf3 Nc6 3. Bc4 Nf6 4. d3 Bc5 5. c3 d6 6. a4 a5 7. h3 Bb6 8. Nbd2 O-O 9. O-O Be6 10. Re1 Re8 1/2-1/2

[Event "CAN-ch O1800"]
[Site "Toronto CAN"]
[Date "2025.04.19"]
[Round "3.4"]
[White "Li, Hongyi"]
[Black "Xu, Ryan"]
[Result "1-0"]
[WhiteElo "1973"]
[BlackElo "2010"]
[WhiteFideId "-1"]
[WhiteFideId "-1"]
[PlyCount "95"]
[GameId "2183569897627720"]
[EventDate "2025.04.18"]
[EventType "swiss"]
[EventRounds "9"]
[EventCountry "CAN"]

1. e4 c5 2. Nf3 d6 3. d4 cxd4 4. Nxd4 Nf6 5. Nc3 a6 6. Be3 e5 7. Nb3 Be7 8. f3 Be6 9. Qd2 O-O 10. O-O-O Nbd7 11. g4 b5 12. g5 b4 13. Ne2 Ne8 14. h4 a5 15. Kb1 Nc7 16. f4 Bxb3 17. cxb3 a4 18. bxa4 Rxa4 19. g6 exf4 20. Nxf4 hxg6 21. Bc4 Ne5 22. Bb3 Ra8 23. h5 g5 24. Ng6 Kh7 25. Nxf8+ Qxf8 26. Bxg5 Nf3 27. Qc2 Bxg5 28. e5+ Kh8 29. Rhf1 Nd2+ 30. Rxd2 Bxd2 31. Rxf7 Qd8 32. Qxd2 d5 33. Qg2 Ne6 34. Qxd5 Qxd5 35. Bxd5 Re8 36. Rb7 Nc5 37. Rb5 Nd3 38. Bf7 Rc8 39. a3 bxa3 40. bxa3 Rc1+ 41. Ka2 Rc2+ 42. Kb3 Rb2+ 43. Kc4 Rxb5 44. Kxb5 Nxe5 45. Be8 Kg8 46. a4 Kf8 47. a5 Kxe8 48. a6 1-0

[Event "CAN-ch O1800"]
[Site "Toronto CAN"]
[Date "2025.04.19"]
[Round "3.5"]
[White "Lin, Austin"]
[Black "Zaka, Mohid"]
[Result "1/2-1/2"]
[WhiteElo "1990"]
[BlackElo "1910"]
[WhiteFideId "-1"]
[WhiteFideId "-1"]
[PlyCount "93"]
[GameId "2183569897627721"]
[EventDate "2025.04.18"]
[EventType "swiss"]
[EventRounds "9"]
[EventCountry "CAN"]

1. e4 c6 2. d4 d5 3. e5 h5 4. Bd3 Bg4 5. Ne2 Nh6 6. Bxh6 Rxh6 7. h3 Bd7 8. Nd2 e6 9. Nf3 c5 10. c3 Nc6 11. a3 Rc8 12. b4 cxd4 13. cxd4 g6 14. Rc1 Rh8 15. Qb3 Qb6 16. Qb1 Bh6 17. Rd1 Ne7 18. g4 Ba4 19. g5 Bxd1 20. Qxd1 Bf8 21. h4 Nc6 22. O-O a5 23. b5 Ne7 24. Qb3 Qc7 25. b6 Qd7 26. Bb5 Nc6 27. Rc1 Kd8 28. Kg2 Qe7 29. Bxc6 bxc6 30. Rxc6 Qb7 31. Rxc8+ Kxc8 32. Qc3+ Kb8 33. Qxa5 Be7 34. Nc3 Bd8 35. Na4 Be7 36. Nc5 Bxc5 37. dxc5 d4 38. Qb5 Rc8 39. a4 Qd5 40. a5 d3 41. Qb2 d2 42. b7 Qxf3+ 43. Kxf3 d1=Q+ 44. Kg2 Qg4+ 45. Kh2 Qxh4+ 46. Kg2 Qg4+ 47. Kh2 1/2-1/2

[Event "CAN-ch O1800"]
[Site "Toronto CAN"]
[Date "2025.04.19"]
[Round "3.6"]
[White "Nguyen, Minh Thong"]
[Black "Lee, Daniel Joshua"]
[Result "0-1"]
[WhiteElo "1949"]
[BlackElo "1989"]
[WhiteFideId "-1"]
[WhiteFideId "-1"]
[PlyCount "70"]
[GameId "2183569897627722"]
[EventDate "2025.04.18"]
[EventType "swiss"]
[EventRounds "9"]
[EventCountry "CAN"]

1. d4 d5 2. c4 e6 3. Nc3 a6 4. cxd5 exd5 5. Nf3 Nf6 6. Bg5 Be6 7. e3 Nbd7 8. Bd3 Bd6 9. O-O c6 10. Bf4 Qc7 11. Bxd6 Qxd6 12. h3 O-O 13. Nd2 Rfe8 14. Re1 Nf8 15. Na4 Ng6 16. Qb3 Ne4 17. Bxe4 dxe4 18. Qb6 Bd5 19. Nc5 Rab8 20. a4 Nh4 21. Nf1 f5 22. a5 Rf8 23. Qb4 Rf6 24. Qd2 f4 25. exf4 Nxg2 26. Nxe4 Bxe4 27. Rxe4 Nxf4 28. Qe3 Rbf8 29. Qb3+ Kh8 30. Rae1 Rh6 31. Re8 Nxh3+ 32. Kh1 Nxf2+ 33. Kg2 Qg6+ 34. Qg3 Rxe8 35. Qxg6 Rxg6+ 0-1

[Event "CAN-ch O1800"]
[Site "Toronto CAN"]
[Date "2025.04.19"]
[Round "3.7"]
[White "Filipovich, David"]
[Black "Huang, Justin"]
[Result "1/2-1/2"]
[WhiteElo "2011"]
[BlackElo "1925"]
[WhiteFideId "-1"]
[WhiteFideId "-1"]
[PlyCount "48"]
[GameId "2183569897627723"]
[EventDate "2025.04.18"]
[EventType "swiss"]
[EventRounds "9"]
[EventCountry "CAN"]

1. Nf3 d5 2. g3 Nf6 3. Bg2 e6 4. O-O Be7 5. c4 O-O 6. d4 c6 7. Nbd2 Nbd7 8. Qc2 b6 9. e4 dxe4 10. Nxe4 Nxe4 11. Qxe4 Bb7 12. Rd1 Nf6 13. Qe2 Qc8 14. b3 Re8 15. Bb2 Qc7 16. Rac1 c5 17. dxc5 Bxc5 18. Ne5 Rad8 19. h4 Bxg2 20. Kxg2 Nd7 21. Nxd7 Rxd7 22. Rxd7 Qxd7 23. Rd1 Qe7 24. Qe4 a5 1/2-1/2

[Event "CAN-ch O1800"]
[Site "Toronto CAN"]
[Date "2025.04.19"]
[Round "3.8"]
[White "Hong, Zihan"]
[Black "Fu, Odyssey"]
[Result "1-0"]
[WhiteElo "1999"]
[BlackElo "1727"]
[WhiteFideId "-1"]
[WhiteFideId "-1"]
[PlyCount "93"]
[GameId "2183569897627724"]
[EventDate "2025.04.18"]
[EventType "swiss"]
[EventRounds "9"]
[EventCountry "CAN"]

1. d4 d5 2. Bf4 Nf6 3. e3 Bf5 4. c4 e6 5. Qb3 Nbd7 6. Nc3 dxc4 7. Bxc4 Nb6 8. Be2 Rc8 9. Nf3 Bd6 10. Ne5 O-O 11. O-O Nfd5 12. Bg3 f6 13. Nc4 Bxg3 14. hxg3 Nxc3 15. bxc3 Qe7 16. Rfe1 Be4 17. Nd2 Bg6 18. Rac1 c5 19. Nc4 Nxc4 20. Bxc4 Bf7 21. e4 cxd4 22. cxd4 e5 23. Bxf7+ Qxf7 24. d5 Rfd8 25. Rc3 Rxc3 26. Qxc3 f5 27. Qxe5 fxe4 28. Rd1 Qe8 29. Qd4 Rd6 30. Qxa7 Qh5 31. Qb8+ Kf7 32. Qxb7+ Kg6 33. Qb3 Kf5 34. f3 Kg6 35. fxe4 Kf7 36. Rf1+ Rf6 37. Rxf6+ gxf6 38. d6+ Ke8 39. Qe6+ Kf8 40. Qxf6+ Kg8 41. Qe6+ Kg7 42. Qe7+ Kg8 43. d7 Qd1+ 44. Kh2 Qh5+ 45. Qh4 Qf7 46. d8=Q+ Kg7 47. Qhg5+ 1-0

[Event "CAN-ch O1800"]
[Site "Toronto CAN"]
[Date "2025.04.19"]
[Round "3.9"]
[White "Sekaran, Adithya"]
[Black "Russell, Wesley"]
[Result "0-1"]
[WhiteElo "1720"]
[BlackElo "1973"]
[WhiteFideId "-1"]
[WhiteFideId "-1"]
[PlyCount "96"]
[GameId "2183569897627725"]
[EventDate "2025.04.18"]
[EventType "swiss"]
[EventRounds "9"]
[EventCountry "CAN"]

1. d4 Nf6 2. c4 e6 3. g3 d5 4. Nf3 Be7 5. Bg2 O-O 6. O-O dxc4 7. Ne5 Nc6 8. Nxc6 bxc6 9. Nc3 Rb8 10. e3 c5 11. d5 exd5 12. Nxd5 Nxd5 13. Bxd5 Ba6 14. Re1 Bf6 15. e4 c3 16. e5 cxb2 17. Bxb2 Rxb2 18. exf6 Qxf6 19. Qf3 Qxf3 20. Bxf3 Rfb8 21. Rac1 g6 22. Rxc5 Rb1 23. Rcc1 Bd3 24. Bd5 Rxc1 25. Rxc1 Rb1 26. Rxb1 Bxb1 27. Kg2 Kf8 28. Kf3 Bf5 29. Bc6 Ke7 30. Kf4 f6 31. g4 Be6 32. a3 Kd6 33. Ba4 c5 34. g5 f5 35. h4 Kd5 36. h5 gxh5 37. Kg3 Bf7 38. Kf4 Bg6 39. Bd7 c4 40. Ba4 c3 41. Kg3 f4+ 42. Kxf4 c2 43. Bxc2 Bxc2 44. Ke3 Ke5 45. f4+ Kf5 46. Kf3 Bd1+ 47. Kg3 a6 48. a4 Bxa4 0-1

[Event "CAN-ch O1800"]
[Site "Toronto CAN"]
[Date "2025.04.19"]
[Round "3.10"]
[White "Li, Triston Bai"]
[Black "Sheth, Rudra"]
[Result "1-0"]
[WhiteElo "1937"]
[BlackElo "1734"]
[WhiteFideId "-1"]
[WhiteFideId "-1"]
[PlyCount "55"]
[GameId "2183569897508909"]
[EventDate "2025.04.18"]
[EventType "swiss"]
[EventRounds "9"]
[EventCountry "CAN"]

1. e4 e6 2. d4 d5 3. Bd3 dxe4 4. Bxe4 Nf6 5. Bf3 c5 6. Ne2 Be7 7. Be3 Na6 8. Nbc3 O-O 9. Qd2 Qa5 10. O-O Rd8 11. Nd5 Qxd2 12. Nxe7+ Kf8 13. Bxd2 Kxe7 14. Be3 Nb4 15. Rfc1 cxd4 16. Bxd4 Nc6 17. Bc5+ Kd7 18. Rd1+ Kc7 19. Nd4 a6 20. Nxc6 Rxd1+ 21. Rxd1 bxc6 22. Bd6+ Kb6 23. Rd3 Bd7 24. Rb3+ Ka5 25. Bc7+ Ka4 26. c3 a5 27. Be2 Nd5 28. Ra3# 1-0

[Event "CAN-ch O1800"]
[Site "Toronto CAN"]
[Date "2025.04.19"]
[Round "3.11"]
[White "Lau, Jayden"]
[Black "Daigneault, Henry"]
[Result "0-1"]
[WhiteElo "1790"]
[BlackElo "1933"]
[WhiteFideId "-1"]
[WhiteFideId "-1"]
[PlyCount "66"]
[GameId "2183569897521198"]
[EventDate "2025.04.18"]
[EventType "swiss"]
[EventRounds "9"]
[EventCountry "CAN"]

1. e4 c5 2. Nf3 d6 3. Bb5+ Nd7 4. O-O a6 5. Bd3 b5 6. c3 c4 7. Bc2 Ngf6 8. Re1 e5 9. a4 Nb6 10. axb5 axb5 11. Rxa8 Nxa8 12. Na3 Bd7 13. b3 Nb6 14. d3 Be7 15. bxc4 bxc4 16. dxc4 Qc7 17. Bd3 O-O 18. Qe2 Na4 19. Bd2 d5 20. Nc2 dxe4 21. Bxe4 Nc5 22. Bd5 e4 23. Ng5 Bd6 24. h3 Bc6 25. Nb4 Bxd5 26. Nxd5 Nxd5 27. cxd5 f5 28. Be3 Nd3 29. Ne6 Qxc3 30. Rb1 Rb8 31. Rxb8+ Bxb8 32. g3 Qa1+ 33. Kg2 Ne1+ 0-1

[Event "CAN-ch O1800"]
[Site "Toronto CAN"]
[Date "2025.04.19"]
[Round "3.12"]
[White "Qian, Eric"]
[Black "Schyngera, Eli"]
[Result "1-0"]
[WhiteElo "2095"]
[BlackElo "1867"]
[WhiteFideId "-1"]
[WhiteFideId "-1"]
[PlyCount "37"]
[GameId "2183569897529391"]
[EventDate "2025.04.18"]
[EventType "swiss"]
[EventRounds "9"]
[EventCountry "CAN"]

1. Nf3 c5 2. c4 Nc6 3. Nc3 Nf6 4. g3 g6 5. Bg2 Bg7 6. O-O O-O 7. e4 d6 8. Re1 e5 9. d3 Bg4 10. h3 Bxf3 11. Bxf3 Nd4 12. Bg2 a6 13. Be3 Re8 14. Rb1 Rb8 15. b4 cxb4 16. Rxb4 Qa5 17. Qb1 Nc2 18. Qxc2 Qxb4 19. Rb1 1-0

[Event "CAN-ch O1800"]
[Site "Toronto CAN"]
[Date "2025.04.19"]
[Round "3.13"]
[White "Bluvshtein, Ilia"]
[Black "Huang, Eric"]
[Result "1-0"]
[WhiteElo "2086"]
[BlackElo "1893"]
[WhiteFideId "-1"]
[WhiteFideId "-1"]
[PlyCount "149"]
[GameId "2183569897533488"]
[EventDate "2025.04.18"]
[EventType "swiss"]
[EventRounds "9"]
[EventCountry "CAN"]

1. e4 e6 2. d4 d5 3. Nc3 Bb4 4. e5 Ne7 5. a3 Bxc3+ 6. bxc3 b6 7. Qg4 Ng6 8. h4 h5 9. Qg3 Ba6 10. Bxa6 Nxa6 11. Nf3 c5 12. Ng5 Qd7 13. Qd3 Nb8 14. Rh3 Ne7 15. Rf3 Nf5 16. Rf4 Nc6 17. f3 c4 18. Qe2 Nd8 19. Kf2 Ne7 20. g3 Ng6 21. Nh3 Nxf4 22. Nxf4 Nc6 23. Kg2 O-O-O 24. Bd2 Rdg8 25. Nh3 Ne7 26. a4 Nf5 27. a5 b5 28. a6 f6 29. f4 Rh6 30. Kh2 Qe8 31. Ra5 Rg6 32. Be1 Rg4 33. Qd1 Qg6 34. Rxb5 Rxg3 35. Qb1 Rxh3+ 36. Kxh3 Qg4+ 37. Kh2 Qxf4+ 38. Kg1 Qg4+ 39. Kf2 Qxh4+ 40. Ke2 Qe4+ 41. Kd1 Qf3+ 42. Kc1 Qf4+ 43. Kb2 fxe5 44. Ka2 e4 45. Rc5+ Kd8 46. Qb7 Nd6 47. Qb8+ Ke7 48. Qxg8 Nf5 49. Rc6 Qh6 50. Qb8 Qc1 51. Qb1 Qxb1+ 52. Kxb1 Kd7 53. Rb6 h4 54. Rb7+ Kc6 55. Bxh4 Nxh4 56. Rxa7 Kb6 57. Rxg7 Kxa6 58. Re7 Kb6 59. Rxe6+ Kc7 60. Kc1 Kd7 61. Ra6 Nf5 62. Kd2 Ke7 63. Ke2 Kf7 64. Kf2 Ke7 65. Kg2 Kf7 66. Kh3 Ke7 67. Kg4 Nd6 68. Kf4 Nb5 69. Ke5 Nxc3 70. Ra7+ Kd8 71. Ra3 Nb5 72. Rh3 Nc7 73. Kd6 e3 74. Rxe3 c3 75. Rh3 1-0

[Event "CAN-ch O1800"]
[Site "Toronto CAN"]
[Date "2025.04.19"]
[Round "3.14"]
[White "Starr, Sasha"]
[Black "Cheung, Oscar"]
[Result "1/2-1/2"]
[WhiteElo "2071"]
[BlackElo "1792"]
[WhiteFideId "-1"]
[WhiteFideId "-1"]
[PlyCount "82"]
[GameId "2183569897541681"]
[EventDate "2025.04.18"]
[EventType "swiss"]
[EventRounds "9"]
[EventCountry "CAN"]

1. e4 e5 2. Nc3 Bc5 3. Nf3 d6 4. d4 exd4 5. Nxd4 Nc6 6. Be3 Qf6 7. Nd5 Qd8 8. Nxc6 bxc6 9. Bxc5 cxd5 10. Bd4 Nf6 11. Bb5+ Bd7 12. Bxf6 Qxf6 13. Qxd5 Qxb2 14. Bxd7+ Kxd7 15. O-O Qf6 16. Rad1 Qe6 17. Qb5+ Kc8 18. Rb1 Kd8 19. Qg5+ Kd7 20. Qb5+ Ke7 21. Qc6 Rhc8 22. Rb7 Kd8 23. Rd1 Qd7 24. Qa6 Qe6 25. f3 Qe5 26. Rd5 Qf4 27. Qd3 Rab8 28. Rb3 Rb6 29. g3 Qc1+ 30. Kg2 Qh6 31. e5 Ke7 32. Qf5 Qe6 33. Qg5+ Kf8 34. exd6 cxd6 35. Rd2 Rbc6 36. Re3 Qd7 37. Red3 Rxc2 38. Qd5 Rxd2+ 39. Rxd2 Qc6 40. Qd3 g6 41. Qd4 Kg8 1/2-1/2

[Event "CAN-ch O1800"]
[Site "Toronto CAN"]
[Date "2025.04.19"]
[Round "3.15"]
[White "Bi, William"]
[Black "Maulucci, Anthony"]
[Result "0-1"]
[WhiteElo "1892"]
[BlackElo "2051"]
[WhiteFideId "-1"]
[WhiteFideId "-1"]
[PlyCount "80"]
[GameId "2183569897549874"]
[EventDate "2025.04.18"]
[EventType "swiss"]
[EventRounds "9"]
[EventCountry "CAN"]

1. e4 e6 2. d4 d5 3. Nd2 dxe4 4. Nxe4 Bd7 5. Nf3 Bc6 6. Bd3 Nd7 7. c3 Ngf6 8. Qe2 Be7 9. O-O Bxe4 10. Bxe4 Nxe4 11. Qxe4 c6 12. Ne5 Nxe5 13. Qxe5 O-O 14. f4 Bf6 15. Qe4 g6 16. Be3 Qd5 17. Qc2 Rfd8 18. b3 b5 19. Rad1 a5 20. g4 a4 21. f5 axb3 22. axb3 exf5 23. gxf5 g5 24. c4 Qd7 25. Qg2 Kh8 26. d5 bxc4 27. bxc4 cxd5 28. Rxd5 Qc7 29. Rc5 Qe7 30. Re1 Ra1 31. Qf2 Rxe1+ 32. Qxe1 Re8 33. Kf2 g4 34. Qd2 Bh4+ 35. Ke2 Qxc5 36. Qc3+ Qe5 37. Kd3 Qxc3+ 38. Kxc3 Rxe3+ 39. Kd4 Re2 40. c5 Rxh2 0-1

[Event "CAN-ch O1800"]
[Site "Toronto CAN"]
[Date "2025.04.19"]
[Round "3.16"]
[White "Sethi, Aaron"]
[Black "Fillmore, Louis"]
[Result "0-1"]
[WhiteElo "1874"]
[BlackElo "1997"]
[WhiteFideId "-1"]
[WhiteFideId "-1"]
[PlyCount "120"]
[GameId "2183569897558067"]
[EventDate "2025.04.18"]
[EventType "swiss"]
[EventRounds "9"]
[EventCountry "CAN"]

1. e4 e5 2. Nf3 Nc6 3. Bc4 Bc5 4. c3 Nf6 5. d4 exd4 6. e5 d5 7. Bb5 Ne4 8. cxd4 Bb6 9. Nc3 O-O 10. h3 Bf5 11. O-O f6 12. Be3 Qd7 13. Qb3 Nxc3 14. bxc3 Kh8 15. Rfe1 a6 16. Bf1 fxe5 17. Nxe5 Nxe5 18. dxe5 Bxe3 19. Rxe3 Be4 20. Rae1 c6 21. c4 b5 22. cxb5 axb5 23. f3 Bg6 24. e6 Qe7 25. Rc1 Rfc8 26. Bd3 Ra3 27. Qxd5 cxd5 28. Rxc8+ Be8 29. Bxb5 Rxe3 30. Rxe8+ Qxe8 31. Bxe8 Rxe6 32. Bf7 Rd6 33. Kf2 g6 34. Be8 Kg7 35. Bb5 Kf6 36. Ke3 g5 37. Kd4 Ke6 38. a4 Rb6 39. Kc5 Rb8 40. a5 d4 41. a6 Ke5 42. a7 Rd8 43. Kb6 Kf4 44. Kc7 Rf8 45. Kb7 Kg3 46. Bd7 d3 47. a8=Q Rxa8 48. Kxa8 Kxg2 49. Kb7 Kxf3 50. Bg4+ Kg3 51. Kc6 d2 52. Kd5 h5 53. Bxh5 Kxh3 54. Be2 g4 55. Ke4 g3 56. Kf3 g2 57. Ke3 g1=Q+ 58. Kxd2 Qd4+ 59. Ke1 Kg3 60. Ba6 Qa1+ 0-1

[Event "CAN-ch O1800"]
[Site "Toronto CAN"]
[Date "2025.04.19"]
[Round "3.17"]
[White "Tamkan, Ekrem"]
[Black "Lee, Matthew"]
[Result "1-0"]
[WhiteElo "1997"]
[BlackElo "1862"]
[WhiteFideId "-1"]
[WhiteFideId "-1"]
[PlyCount "103"]
[GameId "2183569897558068"]
[EventDate "2025.04.18"]
[EventType "swiss"]
[EventRounds "9"]
[EventCountry "CAN"]

1. e4 c6 2. d4 d5 3. exd5 cxd5 4. Bd3 Nc6 5. c3 Nf6 6. h3 g6 7. Nf3 Bf5 8. Be2 Qc7 9. O-O Bg7 10. Nbd2 O-O 11. Re1 Rfe8 12. Bf1 Rad8 13. g3 Qc8 14. g4 Bd7 15. Bg2 h5 16. g5 Nh7 17. h4 Bg4 18. Qa4 e5 19. dxe5 Bxe5 20. Nxe5 Nxe5 21. Re3 Qf5 22. f4 Nc6 23. Nf1 Nf8 24. Bd2 Qd7 25. Rae1 Ne6 26. Ng3 Kg7 27. b4 a6 28. Qc2 Nc7 29. a3 Ne7 30. Qd3 Ne6 31. Re5 Nc7 32. Be3 Nc6 33. Rxe8 Rxe8 34. Bd4+ Nxd4 35. Qxd4+ Kg8 36. Rf1 Bf5 37. Qc5 Be4 38. f5 gxf5 39. Nxh5 Qe7 40. Nf6+ Kh8 41. Nxe8 Qxc5+ 42. bxc5 Nxe8 43. Bxe4 dxe4 44. Rxf5 Kg7 45. Re5 Nc7 46. Rxe4 Nd5 47. c4 Nc3 48. Re7 Na4 49. h5 Nxc5 50. g6 Kf6 51. Rxf7+ Ke6 52. Rc7 1-0

[Event "CAN-ch O1800"]
[Site "Toronto CAN"]
[Date "2025.04.19"]
[Round "3.18"]
[White "Desai, Kahan"]
[Black "Lukinykh, Slava"]
[Result "1/2-1/2"]
[WhiteElo "1869"]
[BlackElo "1987"]
[WhiteFideId "-1"]
[WhiteFideId "-1"]
[PlyCount "92"]
[GameId "2183569897558069"]
[EventDate "2025.04.18"]
[EventType "swiss"]
[EventRounds "9"]
[EventCountry "CAN"]

1. Nf3 d5 2. g3 e6 3. Bg2 f5 4. O-O Nf6 5. c4 c6 6. b3 Bd6 7. Bb2 O-O 8. Ne5 Nbd7 9. d4 Qe8 10. Nd2 a5 11. f3 c5 12. e4 cxd4 13. Nxd7 Bxd7 14. cxd5 Bc5 15. Rc1 b6 16. dxe6 Bxe6 17. Re1 Qg6 18. f4 Rad8 19. Qf3 Ng4 20. Qd3 Ne3 21. e5 h5 22. Nf3 Bd5 23. Nh4 Qe6 24. Bh3 Be4 25. Qxe4 fxe4 26. Bxe6+ Kh7 27. Rxe3 dxe3 28. Bf5+ Rxf5 29. Rxc5 Rd1+ 30. Kg2 bxc5 31. Nxf5 Rd2+ 32. Kf1 Rxb2 33. Nxe3 Rxa2 34. Nc4 Kg8 35. h3 a4 36. bxa4 Rxa4 37. Nd6 Rd4 38. Ke2 Kf8 39. Ke3 Rd3+ 40. Kf2 Rd4 41. Ke3 Rd3+ 42. Kf2 Rf3+ 43. Kg2 Re3 44. Kf2 Rf3+ 45. Kg2 Rd3 46. Kf2 Rf3+ 1/2-1/2

[Event "CAN-ch O1800"]
[Site "Toronto CAN"]
[Date "2025.04.19"]
[Round "3.19"]
[White "Katz, Lyam"]
[Black "Ajith, Aarush"]
[Result "1/2-1/2"]
[WhiteElo "1850"]
[BlackElo "1970"]
[WhiteFideId "-1"]
[WhiteFideId "-1"]
[PlyCount "145"]
[GameId "2183569897570358"]
[EventDate "2025.04.18"]
[EventType "swiss"]
[EventRounds "9"]
[EventCountry "CAN"]

1. e4 c5 2. Nf3 d6 3. d4 cxd4 4. Qxd4 Nc6 5. Bb5 Bd7 6. Bxc6 Bxc6 7. Nc3 Nf6 8. Bg5 e5 9. Qd3 h6 10. Bxf6 Qxf6 11. Nd5 Bxd5 12. Qxd5 Qe7 13. O-O-O a6 14. Nd2 Rc8 15. Rhe1 Qc7 16. Qb3 Be7 17. Nf1 O-O 18. Kb1 Bg5 19. g3 h5 20. Rd5 Bh6 21. Red1 Rfd8 22. c3 Rd7 23. Qc2 Qc4 24. g4 h4 25. Qd3 Qxd3+ 26. R1xd3 Rcd8 27. c4 f6 28. Ne3 Bxe3 29. Rxe3 Kf7 30. b3 Ke6 31. Kb2 Rc8 32. Rh3 g5 33. a4 Rcc7 34. Rhd3 Rc8 35. Kc3 b6 36. Kb2 Rc5 37. a5 Rc6 38. axb6 Rb7 39. Kc3 Rcxb6 40. b4 Rc7 41. Kb3 Rbc6 42. Rc3 Rb7 43. b5 Rcb6 44. Ka4 axb5+ 45. cxb5 Ra7+ 46. Kb4 Kd7 47. Ra3 Rxa3 48. Kxa3 Kc7 49. Kb4 Rb8 50. Rd3 Rd8 51. Kc4 Kb6 52. Kd5 Kxb5 53. Ke6 Re8+ 54. Kxf6 Rf8+ 55. Kxg5 Rxf2 56. h3 Rf4 57. Rxd6 Rxe4 58. Kxh4 Kc5 59. Rd3 Rd4 60. Rg3 e4 61. Kg5 Rd3 62. Kf4 Kd4 63. Rg1 Rf3+ 64. Kg5 Rxh3 65. Kf6 Rf3+ 66. Ke6 e3 67. g5 e2 68. g6 Re3+ 69. Kf7 e1=Q 70. Rxe1 Rxe1 71. g7 Rg1 72. g8=Q Rxg8 73. Kxg8 1/2-1/2